| 000 | | | 03821nmc2a22000003x 450 |
| 001 | | | e4f5eb6d-badd-40d8-81ee-66bed45ea499 |
| 005 | | | 20200303094147.0 |
| 100 | ## | $a | 20180905l18641867k l0rusy0189 ca |
| 101 | 0# | $a | rus |
| 102 | ## | $a | RU |
| 200 | 1# | $a | Дело по отношению начальника Нижегородской губернии об отправлении девиц Фелиции Шустовской и Валерии Вессенгоф на жительство в Оренбургскую губернию под надзор полиции на почтовых лошадях на казённый счет |
| | $j | 24 февралям 1864 г. - 23 марта 1867 г. |
| 251 | ## | $c | Дело |
| 300 | ## | $a | Дело |
| 801 | #0 | $a | RU |
| | $b | РГИА |
| | $c | 20180905 |
| | $g | RCR |
| 801 | #1 | $a | RU |
| | $b | ГлавНИВЦ |
| | $c | 20180905 |
| | $2 | rusmarc |
| 801 | #2 | $a | RU |
| | $b | ПБ им. Б.Н. Ельцина |
| | $c | 20200303 |
| | $g | RCR |
| | $2 | rusmarc |
| 850 | ## | $a | РГИА |
| 852 | ## | $a | РГИА |
| | $e | Федеральное казенное учреждение "Российский государственный исторический архив" (РГИА) |
| | $j | 1117 |
| 937 | ## | $h | РГИА |
| | $d | 12288508 |
| | $a | ASBIBLIO_SCAN |
| 462 | #0 | $1 | 001921ec746-9587-48a9-b6c2-ef8589ca621c |
| | $1 | 2001 |
| | $a | Дела Департамента полиции исполнительной МВД за 1864 год |
| | $1 | 251 |
| | $c | Опись |
| | $1 | 852 |
| | $j | 25 |
| | $l | 1864 г. |
| 461 | #0 | $1 | 0013e300ed0-cd39-49af-8489-5ba5b90fa401 |
| | $1 | 2001 |
| | $a | Департамент полиции исполнительной МВД |
| | $1 | 251 |
| | $c | Фонд |
| | $1 | 852 |
| | $j | 1286 |
| 215 | ## | $a | 11 л. |
| | $d | 36,5х26 см |
| 371 | ## | $a | Документ не является опубликованным и широко распространяемым |
| 105 | ## | $a | y### |
| 122 | 2# | $a | d |
| 035 | ## | $a | e4f5eb6d-badd-40d8-81ee-66bed45ea499 |
| 856 | ## | $u | http://readingroom.main.prlib.ru/item.aspx?id_node=n142461915&mode=full |